Представление документа в формате RUSMARC

ПолеНазваниеЗначение
  Тип записи i
  Библиографический уровень c
001 Контрольный номер RU\NLR\BIBL_A\011784603
005 Дата корректировки 20201216162401.5
010 Индекс ISBN __
d Цена 200-00
100 Данные общей обработки __
a Данные общей обработки 19180907d2011 |||y0rusy0189 ca
101 Язык документа 0_
a Язык текста rus
102 Страна публикации __
a Страна публикации RU
102 Страна публикации __
a Страна публикации RU
105 Кодированные данные (монография) __
a Кодированные данные (монография) fzy
127 Кодированные данные (звукозаписи-физические характеристики) __
a Продолжительность проигрывания 03 ч 48 мин
200 Заглавие и сведения об ответственности 1_
a Заглавие Знаменитые детективы
e Сведения, относящиеся к заглавию 4 аудиоспектакля с участием Евгения Стычкина : [аудиокнига]
f Первые сведения об ответственности автор сценария и режиссер: Борис Соколов ; музыка: Борис Соколов ; исполнители: Ирина Автух [и др.] ; продюсеры: Вадим Бух, Михаил Литваков
203 Вид содержания и тип средства __
a Вид содержания Устная речь
c Тип средства аудио
210 Выходные данные __
a Место издания Москва
c Издательство ВИМБО
c Издательство АРДИС
d Дата издания 2011
215 Физическое описание __
a Объем 1 электрон. опт. диск (CD-ROM)
d Формат 12 см
225 Серия __
a Серия Фантастика и приключения
300 Общие примечания __
a Общие примечания Заглавие с этикетки диска
300 Общие примечания __
a Общие примечания Формат записи: MP3
327 Примечание о содержании __
a Примечание о содержании Пляшущие фигурки
327 Примечание о содержании __
a Примечание о содержании Союз рыжих
327 Примечание о содержании __
a Примечание о содержании Рассказы о патере Брауне
327 Примечание о содержании __
a Примечание о содержании Приключения сыщика Ната Пинкертона
330 Аннотация __
a Аннотация Аудиоспектакли в лучших традициях классического английского детектива.
606 Тематические рубрики __
a Основная рубрика Музыка и зрелищные искусства
606 Тематические рубрики __
a Основная рубрика Художественное радиовещание
606 Тематические рубрики __
a Основная рубрика Художественная литература
606 Тематические рубрики __
a Основная рубрика Литература Европы (произведения)
610 Ключевые слова __
a Ключевые слова детективы
610 Ключевые слова __
a Ключевые слова аудиоспектакли
610 Ключевые слова __
a Ключевые слова английские детективы
610 Ключевые слова __
a Ключевые слова аудиоспектакли
610 Ключевые слова __
a Ключевые слова сыщики
610 Ключевые слова __
a Ключевые слова расследование преступлений
610 Ключевые слова __
a Ключевые слова тема преступлений
610 Ключевые слова __
a Ключевые слова Шерлок Холмс
610 Ключевые слова __
a Ключевые слова Патер Браун
610 Ключевые слова __
a Ключевые слова Нат Пинкертон
686 Индексы других классификаций __
2 Код системы rubbks
a Классификационный индекс 85.381.3(2)-7я04
686 Индексы других классификаций __
2 Код системы rubbks
a Классификационный индекс 84(4Вел)53-445я04
702 Вторичная интеллектуальная ответственность _1
a Фамилия Стычкин
b Имя Е. А.
4 Код отношения Прочие
g Полное личное имя Евгений Алексеевич
4 Код отношения 570
702 Вторичная интеллектуальная ответственность _1
a Фамилия Соколов
b Имя Б.
4 Код отношения Сценарист
g Полное личное имя Борис
4 Код отношения 690
4 Код отношения 070
4 Код отношения 230
702 Вторичная интеллектуальная ответственность _1
a Фамилия Бух
b Имя В.
4 Код отношения Продюсер
g Полное личное имя Вадим
4 Код отношения 570
702 Вторичная интеллектуальная ответственность _1
a Фамилия Литваков
b Имя М.
4 Код отношения Продюсер
g Полное личное имя Михаил
4 Код отношения 570
702 Вторичная интеллектуальная ответственность _1
a Фамилия Автух
b Имя И.
4 Код отношения Прочие
g Полное личное имя Ирина
4 Код отношения 570
702 Вторичная интеллектуальная ответственность _1
a Фамилия Гейхман
b Имя М. Ш.
4 Код отношения Прочие
f Даты 1941-2011
g Полное личное имя Марк Шолымович
4 Код отношения 570
702 Вторичная интеллектуальная ответственность _1
a Фамилия Кутасов
b Имя С. А.
4 Код отношения Прочие
f Даты 1955-
g Полное личное имя Сергей Александрович
4 Код отношения 570
702 Вторичная интеллектуальная ответственность _1
a Фамилия Пономарев
b Имя А. М.
4 Код отношения Прочие
f Даты 1960-
g Полное личное имя Александр Михайлович
4 Код отношения 570
702 Вторичная интеллектуальная ответственность _1
a Фамилия Дойл
b Имя А. К.
4 Код отношения Автор
f Даты 1859-1930
g Полное личное имя Артур Конан
4 Код отношения 070
702 Вторичная интеллектуальная ответственность _1
a Фамилия Честертон
b Имя Г. К.
4 Код отношения Прочие
f Даты 1874-1936
g Полное личное имя Гилберт Кийт
4 Код отношения 070
801 Источник записи _0
a Страна RU
b Организация NLR
c Дата составления 20180907
g Правила каталогизации PSBO
801 Источник записи _2
a Страна RU
b Организация Муниципальное бюджетное учреждение культуры "Централизованная библиотечная система" г. Сургут (Центральная городская библиотека им. А. С. Пушкина)
c Дата составления 20180907
852 Данные о местонахождении __
j Шифр хранения 85.381.3(2)-7я04
i Авторский знак З-72
901 Тип документа __
a Ответственный КиК/Котельникова
t Тип документа 0
903 Характеристики (МАРС) __
a Дата передачи 20200526
911 __
u 336a=Устная речь
911 __
u 337a=аудио
969 Тип издания __
a Тип издания издание для слепых
a Тип издания аудиокнига
990 Данные о заказе (DOS) __
j Количество экземпляров (DOS) 1
t N записи в КСУ для И/У (DOS) 202004